000 01588cam a22004817a 4500
001 2236
003 FISKH
005 20231113115313.0
008 110308s2010 nyua j 000 1 eng d
010 _a 2011280781
020 _a9781596435964
020 _a1596435968
020 _a9780545289191
020 _a9781596436992
020 _a1596436999
035 _a(OCoLC)ocn656311821
040 _aUPZ
_cUPZ
_dBTCTA
_dZPX
_dUPZ
_dLEO
_dVP@
_dEHH
_dCNRCS
_dDLC
_beng
042 _alccopycat
050 0 0 _aPZ7.B82832
_bBap 2010
082 0 0 _a813.6
_222
100 1 _aBruel, Nick.
245 1 0 _aBad kitty vs uncle murray :
_bthe uproar at the front door /
_cNick Bruel.
246 3 _aBad Kitty versus Uncle Murray
246 3 0 _aUproar at the front door
260 _aNew York :
_bScholastic,
_c2010.
300 _a157 pages :
_billustrations ;
_c20 cm
505 _aP
520 _aKitty's owners are taking a week off and leaving Kitty and Puppy at home with Uncle Murray. It isn't long before Uncle Murray is driven to near madness by shenanigans of epic proportions.
521 8 _a620
_bLexile
521 8 _aP
_bRaz-Plus
650 0 _aCats
_vJuvenile fiction.
650 0 _aDogs
_vJuvenile fiction.
650 0 _aUncles
_vJuvenile fiction.
650 0 _aPet sitting
_vJuvenile fiction.
650 0 _aHumorous stories.
650 1 _aCats
_vFiction.
650 1 _aDogs
_vFiction.
650 1 _aUncles
_vFiction.
650 1 _aPet sitting
_vFiction.
650 1 _aHumorous stories.
906 _a7
_bcbc
_ccopycat
_d2
_encip
_f20
_gy-gencatlg
942 _2ddc
_cBK
_n0
999 _c2236
_d2236